000 00360nam a2200109Ia 4500
008 220216s9999 xx 000 0 und d
100 _aFukumori K
245 0 _aPulsed NMR study of rubber vulcanizates under deformation
260 _bProceedings of the International Rubber Conference, Kobe, Japan, 1995; p586-589
650 _aRubber vulcanisates
942 _cJS
999 _c66096
_d66096